000 00667nam a22001937a 4500
003 koha_MIRAKIL
005 20250922145540.0
008 250922b tur||||| |||| 00| 0 tur d
020 _a9786254169533
040 _aTR-IsEVY
_btur
_cTR-IsEVY
082 _aFIC CAR/K
100 _aCardon, Laurent
245 0 _aKümeste curcuna :
_bbir tavuk hikayesi /
_cLaurent Cardon.
260 _aİstanbul :
_bDoğan Çocuk,
_c2023.
300 _a[34] s. :
_brenkli resimli ;
_c27 cm.
650 _aChildren's literature -- Short stories.
650 _aÇocuk edebiyatı - Hikayeler.
_vResimli Kitaplar.
_vAile.
_vCinsiyet Eşitliği.
_vAdalet.
_vÖn Yargılar.
942 _2ddc
_cBK
999 _c22591
_d22591